7me sonate pour piano, op. 64

Hlavní autor: Skrjabin, Aleksandr Nikolajevič, 1872-1915
Jazyk: Nelze použít, není lingvistický obsah
Vydáno: Berlin : Édition Russe de Musique, [1910?]
Fyzický popis: 23 s.
Hudebniny Hudebniny
Uloženo v:
LEADER 00709ncm a22002052a 4500
001 001242614
003 CZ BrMZK
005 20120827090541.0
007 qu
008 120827s1910 gw |||||||||||||||||zxx d
040 |a BOA001  |b cze 
072 7 |a 786  |x Hudba pro klávesové nástroje  |2 Konspekt  |9 9 
100 1 |a Skrjabin, Aleksandr Nikolajevič,  |d 1872-1915  |7 jn19990210567  |4 cmp 
245 1 0 |a 7me sonate pour piano, op. 64  |h [hudebnina] /  |c Alexandr Nikolajevič Skrjabin 
260 |a Berlin :  |b Édition Russe de Musique,  |c [1910?] 
300 |a 23 s. 
910 |a BOA001  |b Mus4-0580.608 
990 |a MU 
991 |b 201208 
996 6 |b 2619097362  |c Mus4-0580.608  |l MZK  |r Sklad / do 1 hodiny  |n 0  |w 001276638  |u 000010  |a 1  |e BOA001  |j MZK50  |s P